000 00835nas a2200277 4500
001 BR2016003296
003 BR-BrBNA
005 20231205130509.0
007 ta
008 230509b bl.|||p| |||| 00| 00por d
040 _aBR-BrBNA
_bpor
_cBiblioteca Nacional de Agricultura
041 _a(Pt)
072 _aH10
100 1 _aWiteck Neto, L.
100 1 _aLink, D.
100 1 _aPasini, M.B.
245 1 _aCerambycidae associados a Ocotea puberula
650 _aCOLEOPTERA
650 _aSERRADOR
650 _aBIOLOGIA
650 _aPRAGA DE PLANTA
773 0 _tPesquisa Florestal Brasileira (Brazil)
_xISSN 1983-2605
_g(Oct-Dec 2013), v. 33(76) p. 455-458
_wBR2016003296
856 4 0 _uhttp://pfb.cnpf.embrapa.br/pfb/index.php/pfb/article/view/357
909 _a202311
_bLúcia
_c55
_dLúcia Elande
942 _2AGRIS
_n0
_cANA
999 _c249756
_d249756